000 01043nam a22002775i 4500
001 165059
003 ES-MaACL
005 20231030173411.0
008 050811s1875 fr | |||||||| ||fre d
040 _aCAM
_bspa
_cCAM
100 1 _aScribe, Eugène.
_9104966
245 1 3 _aLa jeune Allemagne ou Les yeux de ma tante /
_cEugène Scribe.
260 _aParis :
_bE. Dentu, libraire-éditeur,
_c1875 (
_fImp. Paul Dupont)
300 _a500 p. ;
_c18 cm.
490 1 _aOeuvres complètes de Eugène Scribe. Cinquième série : Proverbes, Nouvelles romans. 7
650 4 _914588
_aLiteratura francesa-
_yS.XIX
650 7 _aNovelas
_2embne
_9233904
700 1 _aDentu, E.,
_9230064
700 1 _aDupont, Paul,
_946109
740 4 _aLes yeux de ma tante.
752 _aFrancia -
_dParís
830 0 _aOeuvres complètes de Eugène Scribe. Cinquième série : Proverbes, Nouvelles romans. 7
_9222424
852 _aES-MaACL
_jC-18590
_z-- Enc. hol., conservando la cub. original
942 _2udc
999 _c165059
_d165059